Commenter la carte topographique aux examens et concours
Salvato in:
| Autore principale: | |
|---|---|
| Natura: | Libro |
| Lingua: | francese |
| Pubblicazione: |
París
Armand Colin
2009
|
| Serie: | Collection U, Géographie
|
| Soggetti: | |
| Tags: |
Aggiungi Tag
Nessun Tag, puoi essere il primo ad aggiungerne!!
|
MARC
| LEADER | 00000cam a2200000 a 4500 | ||
|---|---|---|---|
| 001 | UCF5327 | ||
| 003 | CL-VaPUC | ||
| 008 | 130307e20090000FR |||||||||||||||||fre|d | ||
| 020 | |a 9782200244088 | ||
| 082 | 0 | 4 | |a 912 |b TIF |2 21 |
| 100 | 0 | |a Tiffou, Jacky |e author |9 567134 | |
| 245 | 1 | 0 | |a Commenter la carte topographique aux examens et concours |
| 300 | |a 187 p | ||
| 942 | |c BK | ||
| 945 | |d 20130307 00:00:00 |a dcastane | ||
| 260 | |a París |b Armand Colin |c 2009 | ||
| 650 | 0 | |a Geografía |9 259346 | |
| 650 | 0 | |a Cartografía |9 266055 | |
| 650 | 0 | |a Zonas húmedas |9 519811 | |
| 650 | 0 | |a Zonas geográficas |9 353991 | |
| 583 | |a last modification |c 20130307 11:37:00 |k Rodrigo Vera | ||
| 490 | 0 | |a Collection U, Géographie | |
| 999 | |c 350876 |d 350874 | ||
| 952 | |0 0 |1 0 |4 0 |6 912_000000000000000_TIF_2009 |7 0 |8 A |9 454613 |a BIBING |b BIBING |d 2019-11-22 |i 4948777 |l 1 |o 912 TIF 2009 |p 4948777 |r 2025-01-20 |s 2022-04-11 |w 2019-11-22 |y BK |k GEO | ||